Recuerdo mi origen / (Registro nro. 15639)

Detalles MARC
000 -LEADER
fixed length control field 01645nam a22002897a 4500
003 - CONTROL NUMBER IDENTIFIER
control field OSt
005 - DATE AND TIME OF LATEST TRANSACTION
control field 20221013092655.0
008 - FIXED-LENGTH DATA ELEMENTS--GENERAL INFORMATION
fixed length control field 211202b2021 ck a|||gr|||| 00| 0 spa d
020 ## - INTERNATIONAL STANDARD BOOK NUMBER
International Standard Book Number 9789585595859
040 ## - CATALOGING SOURCE
Original cataloging agency CO-JMCR
Transcribing agency CO-JMCR
041 0# - LANGUAGE CODE
Language code of text/sound track or separate title spa
082 04 - DEWEY DECIMAL CLASSIFICATION NUMBER
Classification number 898.39 /
Item number A654r
Edition number 23
100 1# - MAIN ENTRY--PERSONAL NAME
Personal name Apüshana, Vito,
Relator term autor
9 (RLIN) 41713
245 10 - TITLE STATEMENT
Title Recuerdo mi origen /
Statement of responsibility, etc. Vito Apüshana, Fredy Chicangana, Nataly Domicó, [y otros 4] ; compiladora, Cristina Valencia
250 ## - EDITION STATEMENT
Edition statement Primera edición
260 ## - PUBLICATION, DISTRIBUTION, ETC.
Place of publication, distribution, etc. Bogotá :
Name of publisher, distributor, etc. Instituto Distrital de las Artes, Idartes,
Date of publication, distribution, etc. 2021.
300 ## - PHYSICAL DESCRIPTION
Extent 116 páginas ;
Dimensions 17 cm.
490 #0 - SERIES STATEMENT
Series statement Libro al Viento ;
Volume/sequential designation 157.
500 ## - GENERAL NOTE
General note Incluye datos biográficos de los autores
505 0# - FORMATTED CONTENTS NOTE
Title La voz de los pueblos indígenas, una voz necesaria. / <br/>
Statement of responsibility Sonia Londoño Niño. --
Title Presentación. /<br/>
Statement of responsibility Cristian Valencia. --
Title La wajiira tomada. / <br/>
Statement of responsibility Vito Apüshana. --
Title Palabra bajo el sol de los venados. / <br/>
Statement of responsibility Fredy Chikangana. --
Title Los espíritus no mueren (y cuatro poemas más). / <br/>
Statement of responsibility Nataly Domicó. --
Title Sentir tranquilidad. /<br/>
Statement of responsibility Hugo Jamioy. --
Title La fuerza y liderazgo de una mujer indígena nasa. /
Statement of responsibility María Violet Medina Quiscue. --
Title Palabras con piel de viento y árbol, para territorios de cemento. /
Statement of responsibility Iván Niviayo. --
Title Todos los pueblos indígenas somos uno solo. /
Statement of responsibility Nelson Tuntaquimba Quinche.
650 14 - SUBJECT ADDED ENTRY--TOPICAL TERM
Topical term or geographic name entry element Literatura indígena
Geographic subdivision Colombia
9 (RLIN) 41714
650 24 - SUBJECT ADDED ENTRY--TOPICAL TERM
Topical term or geographic name entry element Indígenas de Colombia
9 (RLIN) 41715
General subdivision Vida social y costumbres
700 1# - ADDED ENTRY--PERSONAL NAME
Personal name Chicangana, Fredy
Relator term autor
9 (RLIN) 41716
700 1# - ADDED ENTRY--PERSONAL NAME
Personal name Domicó, Nataly,
Relator term autora
9 (RLIN) 41717
700 1# - ADDED ENTRY--PERSONAL NAME
Personal name Valencia, Cristina,
Relator term compiladora
9 (RLIN) 41718
942 ## - ADDED ENTRY ELEMENTS (KOHA)
Source of classification or shelving scheme Dewey Decimal Classification
Koha item type Books
Existencias
Withdrawn status Lost status Source of classification or shelving scheme Damaged status Not for loan Home library Current library Shelving location Date acquired Source of acquisition Full call number Barcode Date last seen Copy number Price effective from Koha item type
    Dewey Decimal Classification     Biblioteca Pública José María del Castillo y Rada Biblioteca Pública José María del Castillo y Rada General Stacks 12/02/2021 Donación 898.39 / A654r 201811347 12/02/2021 Ej.1 12/02/2021 Books
    Dewey Decimal Classification     Biblioteca Pública José María del Castillo y Rada Biblioteca Pública José María del Castillo y Rada General Stacks 12/02/2021 Donación 898.39 / A654r 201811348 12/02/2021 Ej.2 12/02/2021 Books